[Event "DEN-chT 0607"]
[Site "Denmark"]
[Date "2006.11.04"]
[Round "1.3"]
[White "Berg, Emanuel"]
[Black "Kristensen, Kaare Hove"]
[Result "1-0"]
[WhiteElo "2582"]
[BlackElo "2316"]
[Annotator "Berg,E"]
[PlyCount "45"]
[EventDate "2006.11.04"]
[EventType "team"]
[EventRounds "9"]
[EventCountry "DEN"]
[SourceTitle "CBM 116"]
[Source "ChessBase"]
[SourceDate "2007.02.01"]
[SourceVersion "1"]
[SourceVersionDate "2007.02.01"]
[SourceQuality "1"]
[WhiteTeam "Helsinge"]
[BlackTeam "Nordkalotten"]
[WhiteTeamCountry "DEN"]
[BlackTeamCountry "DEN"]

1. e4 c5 2. Nf3 d6 3. d4 cxd4 4. Nxd4 Nf6 5. Nc3 a6 6. Bg5 e6 7. f4 Be7 8. Qf3
Qc7 9. O-O-O Nbd7 10. Bd3 b5 {This move came as a nice surprise to me. I was
expecting} (10... h6 {which I had prepared for the whole morning, but I also
believe this is more solid for Black than the move played in the game. The
main idea is to meet} 11. Bh4 {with} g5 {By playing this move Black somehow
weakens his kingside, but in return he will get control over the important
e5-square where he later on will put one of his knight.} 12. fxg5 Ne5 13. Qe2
Nfg4 {Black wins back the pawn on g5 with a nice structure and some positional
advantage. White has some development advantage though and will try to create
tactical counterplay before Black gets time to stabilize his position. There
is still a lot to play for and an interesting battle lies ahed.}) 11. Rhe1 {
By this move White prepares for a central break with e4-e5 but also the
standard sacrifice Nd5.} Bb7 {Now ...b4 is a threat.} ({The immediate} 11... b4
{is ofcourse met by} 12. Nd5 $1 exd5 13. Nf5 $1 {and Black is in big trouble.})
12. Qg3 {White walks out with his queen from the diagonal pin and at the same
time once again prepares for e4-e5. Moreover the queen has another important
function - threatening down the g-file to g7, which will prove to be valuable
in several variations.} b4 13. Nd5 $1 {Of course! Why to retract when a jump
forward is possible? This thematic sacrifice comes back very often in the
Najdorf with 6.Bg5 in different verrsions. ...b4-b5 can in principle always be
met by this sacrifice if Black has not yet castled at any side.} exd5 14. exd5
Kd8 15. Nc6+ Bxc6 16. dxc6 Nb6 (16... Nc5 {is met by} 17. Bh4 $1 {and Black
has no better than to return with his bishop.} Bf8 (17... Nxd3+ $2 {gives a
clear advantage to White after} 18. Rxd3 Bf8 19. Bxf6+ gxf6 20. Qh4 Be7 21.
Rde3 Re8 22. Qxf6 {and White is already winning, for instance} Rc8 23. Rxe7
Qxe7 24. Rxe7 Rxe7 25. Qxd6+ {with a won endgame because of Blacks lack of
coordination among his pieces.}) {Here White can continue} 18. Bc4 Ra7 19. Bd5
{with a stable grip of the position.}) (16... Qxc6 {looses to} 17. Bxf6 Bxf6 (
17... Nxf6 {is no better after} 18. Qxg7 Rg8 19. Qxf7 Qe8 20. Qc4 {with two
pawns and avery strong initiative for the sacrificed piece. Black is
practically lost}) 18. Be4 Qa4 ({Completely hopeless is} 18... Qc8 19. Bxa8
Qxa8 20. Rxd6 {and after} Re8 {White can even force the win playing} 21. Rxd7+
$1 Kxd7 22. Qd3+ Kc7 23. Qc4+ Kb6 24. Qxb4+ Kc7 25. Qc5+ Kb7 26. Qd5+ Kb6 27.
Qd6+ {and the Black rook will fall.}) 19. Bxa8 Qxa2 20. Rxd6 Qxb2+ 21. Kd1 Qb1+
22. Ke2 Qxc2+ 23. Kf1 Qc4+ 24. Rd3 {The white king is now into safety.
Materially speaking Black is OK, but having his king in the center he is in
big trouble.}) 17. Bh4 Bf8 (17... Rg8 {is met by} 18. Bxh7 Rh8 {and here White
can choose between to retract his bishop or to play the interesting} 19. Qxg7
$5 Rxh7 20. Qxf6 Rxh4 21. Qxf7 Rh8 22. Re6 {with a strong initiative and four
pawns for the two sacrificed pieces.}) 18. Qf3 {By playing this move I have
linked back into my game against Li Chao, played in the match between Sweden
and China, July 2006, which is also commented for CBM. The reason playing this
move was that I could see no better alternative for Black than to play ...Be7
once again. However now I give my opponent more chances to go wrong.} ({
Perhaps the best continuation is just to play} 18. Be4 {defending the c6-pawn
with continous pressure.}) 18... d5 {Now the center opens up and the black
king immediately gets under attack. On the other hand Black is now able to
activate his bishop. If White doesn't react quick enough there is a risk that
Black gets time to complete his development resulting in a position where th
compensation might be dubious and Black having the better prospects.} (18...
Be7 19. Qg3) (18... Rc8 {was the game Berg-Chao, see earlier numbers of CBM.})
(18... a5 {is met by} 19. Bb5 {and Black is under presure.}) 19. Be4 $1 {
A strong and elegant move. The bishop is enprise in two ways, but cannot be
taken because both the knight on f6 and the d5-pawn are pinned up. Now d5 is
loose and this pawn will also be lost for Black.} Kc8 {Black escapes from the
pinns with his King and hope to find shelter on a7 later on.} 20. Bxd5 {
At first sight looking like a sacrifice, but once again White has tactical
protection because of the vulnerable Black king.} Bd6 ({I was expecting} 20...
Kb8 {trying to run away with the King to a7 and at the same time threatening
the bishop on d5. This I planned to meet with} 21. Bf2 Nbxd5 22. Rxd5 Bd6 {
This position is rather hard to assess. White has two pawns for the sacrificed
piece, which in combination with the vulnerable Black king and problkems of
coordination should be at least full compensation.} {A nice-looking move is}
23. Rde5 {but Black doesn't need to capture and can play} ({Normal is} 23. Rd4
Rc8 24. Rc4 ({But here there is the additional posibility of} 24. Rxd6 {
as after} Qxd6 25. f5 {White threatens Bg3 winning the black queen and Black's
only real defensive move is} Rc7 {and after} 26. Bg3 {White at least wins back
an exchange with chances for more.}) 24... a5 {An interesting position and
still a lot to play for. Black is about to play ...Ra6 wining the c6-pawn. A
possible continuation is} 25. Qd3 {with the idea} Ra6 26. Rxb4+ Bxb4 27. Qxa6
Bxe1 28. Qb5+ Ka8 29. Qa6+ {and perpetual checks.}) 23... Rc8 {instead
attacking c6.}) 21. Bxf7 $1 {Opening the game further is in White's favour
because of Black's exposed kings position.} Qxf7 {This was very surprising.
Perhaps Black had overestimated his counterchances that follow. Better was} (
21... Kb8 {with the idea to put the king into safety on a7 and getting
coordination between the rooks and thereby complete the development. Of course,
White now has three whole pawns, but in the case Black can regroup his pieces
the piece might even be worth more.}) 22. Rxd6 Qxa2 {Consistent, but now White
is wining rather simple and already the next move Black decided to shake hands.
Neither the natural} (22... Kc7 {is enough to protect the Black position as
after} 23. Rde6 {followed by f4 and then Bg3+ Black is still lost.}) 23. Re7 $1
{In a horrible time-trouble my opponent resigned as he will be mated after} (
23. Re7 Qa1+ ({But the spectacular} 23... Ra7 {was at least worth a last try.
The idea is} 24. Rxa7 $2 (24. c7 $3 {is the most simple win and after} Qa1+ 25.
Kd2 Nfd7 26. Rxb6 {it's all over.}) 24... Qa1+ 25. Kd2 Nc4+ 26. Ke2 $4 ({After
} 26. Kd3 Nxb2+ 27. Kd4 {White is still winning, but this looks unnecessary.})
26... Re8+ {Now White is lost, i.e.} 27. Kd3 {After 27.Kf2 there will follow
De1#.} Nxb2+ 28. Kd4 Nd3+ $1 29. Kxd3 Qc3#) 24. Kd2 Nc4+ 25. Ke2 Nxd6 26. Qh3+
Kb8 (26... Kd8 {also loses after} 27. Rd7+ Kc8 28. Rb7+ Kd8 29. Qd7#) 27. c7+
Kb7 28. c8=Q+ Kb6 29. Qc7+ Kb5 30. Re5+ Nd5 31. Qhd7#) 1-0

[Event "SWE-ch"]
[Site "Kungsor"]
[Date "2009.07.03"]
[Round "6"]
[White "Berg, Emanuel"]
[Black "Hillarp Persson, Tiger"]
[Result "1-0"]
[WhiteElo "2610"]
[BlackElo "2618"]
[Annotator "Berg,E"]
[PlyCount "81"]
[EventDate "2009.06.28"]
[EventType "tourn"]
[EventRounds "13"]
[EventCountry "SWE"]
[EventCategory "8"]
[SourceTitle "CBM 131 Extra"]
[Source "ChessBase"]
[SourceDate "2009.09.03"]
[SourceVersion "2"]
[SourceVersionDate "2009.09.16"]
[SourceQuality "1"]

1. e4 c5 2. Nf3 d6 3. d4 cxd4 4. Nxd4 Nf6 5. Nc3 a6 6. Bg5 {A few weeks
earlier in the Sigeman & Co Chess Tournament I won a game against Tiger in
this same variation. Then he tried the declined Poisoned Pawn and I was eager
to see what he would come up with this time.} e6 7. f4 Be7 8. Qf3 Qc7 9. O-O-O
Nbd7 {This is a solid setup for Black which avoids White's otherwise common
piece sacrifices that may often happen in the 6.Bg5 Najdorf.} 10. Bd3 h6 11.
Qh3 $5 {This is a way for White to complicate matters.} ({After the main move} 
11. Bh4 {Black follows up with} g5 12. fxg5 Ne5 13. Qe2 Nfg4 {with a solid and
perfectly playable position. Black will soon return his sacrificed pawn on g5
and has an excellent outpost for his knights on e5. The drawback is that White
is slightly ahead in development, but I have been unable to find a good way to
make use of it, so in my opinion Black has succeded with his opening.}) 11...
Nb6 $1 (11... Nc5 {is the main option.}) ({Black should definitely avoid} 11...
Rg8 $2 {which I was confronted with just two weeks after this game in the
Politiken Cup. White soon got an overwhelming position after} 12. e5 $1 dxe5 ({
No better is} 12... hxg5 13. exf6 gxf6 14. f5 $36 {with a strong initiative
for White.} ({Also interesting is the piece sacrifice} 14. Nxe6 $5 fxe6 15.
Qxe6 Rg7 16. Nd5 Qd8 17. Rhf1 $1 g4 (17... Ne5 18. Nxf6+ Kf8 19. Nh7+ (19. Nd7+
Nxd7 20. fxg5+ Nf6) 19... Ke8 20. Qh6 $18) 18. Qf5 Nb6 19. Qh5+ Kd7 20. Nxb6+
Qxb6 21. Qh6 Bf8 (21... Rf7 22. Qg6 Rf8 23. Rfe1 $18) 22. Qxf6 Qd8 23. Qc3 $16)
) 13. Nxe6 fxe6 (13... Qb6 14. Nxg7+ Rxg7 15. Qxh6 Rg8 16. Rhe1 $36 {White has
two pawns and a strong initiative for the sacrificed piece. Black will
probably have to wait with his castling until the next game.}) 14. Bg6+ Kd8 15.
Bxf6 gxf6 (15... Bxf6 16. Qxe6 $1 (16. Bf7 Rf8 17. Bxe6 exf4 18. Rxd7+ $1 (18.
Bxd7 Bxd7 19. Rxd7+ Qxd7 20. Rd1 Rf7 $13) 18... Bxd7 19. Rd1 $16) 16... Rf8 17.
Rhe1 $16) 16. Bf7 Rg7 17. Bxe6 Bf8 $2 (17... Qc6 18. Nd5 $1 {[%csl Rd8]} (18.
Bd5 Qc7 19. Qxh6 Bf8 20. Rhe1 $36) 18... Rxg2 19. Qxg2 Qxe6 20. Rhf1 $1 $16)
18. Nd5 Qc6 19. Nxf6 Rxg2 (19... exf4 20. Rhe1 Rxg2 21. c3 Rg7 22. Qh4 $1 Kc7
23. Ne8+ Kb6 24. Nxg7 Bxg7 25. Qd8+ $18) 20. c3 Qb6 21. Qxg2 Qxe6 22. Nxd7 Bxd7
23. Qxb7 {1-0 Berg,E (2610)-Thomassen,J (2300)/Helsingor 2009/[Berg,Emanuel]} (
23. Qxb7 Rc8 24. Rxd7+ Qxd7 25. Rd1 Bd6 26. Qxd7+ Kxd7 27. fxe5 $18) (23. Rxd7+
Qxd7 24. Rd1 Bd6 25. fxe5 $18)) 12. Rhe1 (12. Nf3 e5 13. f5 Bd7 $15) 12... e5 {
With this move Black forces some exchanges and ends up with a solid position
allthough White has the somewhat better chances.} ({A much more challenging
move would be} 12... Rg8 $5 {which has been played in a few games before, but
not yet tested at high level.} {Here White should probably go} 13. Bh4 ({
The spectacular} 13. e5 $5 {looks interesting, but might well be good for
Black unless White has something very concrete after} hxg5 14. exf6 Bxf6 {
Black has an extra pawn and the pair of bishops and so White is in a hurry to
do something before Black consolidates with ...Bd7 and 0-0-0.}) 13... g5 14.
fxg5 hxg5 15. Bg3 $1 e5 (15... g4 16. Qh6 {leads nowhere for Black.}) 16. Nf5
g4 17. Qh6 Bxf5 18. exf5 O-O-O {An interesting position which is rather hard
to assess. Black has a seemingly strong pawn centre, but at the moment the
white pieces prevent the pawns from moving forward. It's a battle of who will
control the e4- and d5-squares in the end. Will Black be able to push his
d-pawn forward or will White be able to set up a blockade?}) 13. Nf5 Bxf5 14.
exf5 {(=) Here I offered a draw in view of the tournament situation and also
because I judged the position as pretty equal. However after a closer look
White still seems to have a slight initiative and can create some more
problems for Black.} O-O-O {My opponnent quickly decided to continue the
battle.} 15. Bxf6 Bxf6 16. fxe5 Bxe5 $5 {This came as a slight surprise to me.}
({I was waiting for} 16... dxe5 17. Ne4 $1 {when White is completely fine. The
knight is a good blocker on e4 and at some point it might exchange the black
bishop on f6 to weaken the pawn structure on the kingside.}) 17. f6+ Kb8 18.
fxg7 (18. Rxe5 $5 {was an interesting option. White has compensation for the
exchange after} dxe5 19. fxg7 Rhg8 20. Qxh6 {but during the game this position
didn't really suit me.}) 18... Bxg7 19. Be4 $1 Bxc3 $2 {A clear misjudgement
of the position from the black side. This exchange leads to an endgame where
White has all the chances in view of his bishop that is clearly stronger on
two flanks than the knight. White gets a slight weakness in his pawn structure
on the queenside, but Black has already several weaknessess, especially f7 and
h6 on his kingside.} (19... Rc8 {would had been an improvement.}) 20. Qxc3 Qxc3
21. bxc3 Rhe8 $6 (21... Na4 $1 {seems to give Black enough counterplay to hold
the draw, but he will still have a tough time after} 22. Rd4 Nxc3 23. Bf3 $14 {
with a strong initiative for White.}) 22. Bf3 Kc7 23. Rxe8 $6 (23. Bh5 $1 $16 {
would had been much better and Black is struggling to save his f7-pawn.}) 23...
Rxe8 24. Rd4 f5 $1 {Thanks to this move Black holds on to his position. Now
the black rook can protect all the weaknessess from the sixth rank.} 25. c4 $5
({White could force a draw with} 25. Rh4 Re6 26. Rf4 Re5 (26... Rf6 $2 27. Be4
$16) 27. Rh4 {but there was no need and the game continuation shows that only
White has winning chances in the endgame.}) (25. Kd2) 25... Nd7 (25... Nc8 {
would have been better in order to place the knight on e7 after a rook
transfer to either e5 or e6.}) ({Also} 25... Re1+ {was an interesting option.
This ends up with a pawn race after} 26. Kd2 Ra1 27. Rf4 Rxa2 28. c5 $1 dxc5
29. Rxf5 Nd7 30. Rh5 a5 31. Rxh6 Rb2 32. Kc1 Rb4 33. c3 Rb3 34. Kc2 a4 {
and now it might be time for White to force a draw with} 35. Rh7 Kd6 36. Rh6+ {
before the black a-pawn gets too far.}) 26. Rh4 Re6 27. Bd5 Rf6 28. Kd2 Kb6 29.
Rf4 Ne5 30. Kc3 Ng4 {A tricky move, but White's tricks are better!} 31. Rf1 $1
({In the event of} 31. h3 $2 Ne3 32. g4 Nxd5+ 33. cxd5 Kc5 {Black is doing
well and now it's White fighting for the draw instead.}) 31... Ne3 $2 {After
this move Black is probably already lost.} ({Better was} 31... Kc7 32. Re1 Ne5
33. c5 $16 {with a clear edge to White, but Black is still in the game.}) ({
Also} 31... Kc5 {was an option, but here White ends up with an extra pawn after
} 32. Bxb7 Nxh2 33. Rf4 Ng4 34. Bxa6 Ne3 35. Bb7 $14) 32. Rb1+ Kc5 33. Bxb7
Nxc4 34. Bxa6 Ne3 35. a4 $1 Nd5+ 36. Kd2 Rg6 37. Rb5+ Kd4 $4 {This loses on
the spot, but Black's position was beyond salvation in any case.} (37... Kc4
38. Rb7+ Kd4 39. g3 $18) 38. c3+ $1 Nxc3 (38... Ke4 39. g3 $1 $18) 39. Rb4+ Kc5
40. Kxc3 Rxg2 $4 41. Rb5+ 1-0

[Event "Munich SKA"]
[Site "Munich"]
[Date "1994.05.21"]
[Round "1"]
[White "Benjamin, Joel"]
[Black "Lutz, Christopher"]
[Result "1/2-1/2"]
[WhiteElo "2620"]
[BlackElo "2595"]
[Annotator "Boensch,U"]
[PlyCount "44"]
[EventDate "1994.05.21"]
[EventType "tourn"]
[EventRounds "11"]
[EventCountry "GER"]
[EventCategory "16"]
[SourceTitle "CBM 042"]
[Source "ChessBase"]
[SourceDate "1994.10.01"]
[SourceVersion "1"]
[SourceVersionDate "1994.10.01"]
[SourceQuality "1"]

1. e4 c5 2. Nf3 d6 3. d4 cxd4 4. Nxd4 Nf6 5. Nc3 a6 6. Bg5 e6 7. f4 Be7 8. Qf3
Qc7 9. O-O-O Nbd7 10. Bd3 (10. g4) 10... h6 11. Qh3 Nc5 (11... Nb6 12. Rhe1 (
12. f5 e5 13. Nb3 (13. Nde2 Bd7 14. Kb1 Bc6 15. Be3 d5 16. Bxb6 Qxb6 17. exd5
Ba3 18. b3 Bxd5 $10 {-ECO}) 13... Bd7 14. Nd2 (14. Be3 Na4 $1 $10) 14... O-O-O
15. Be3 Bc6 16. Rhe1 Kb8 17. Kb1 Rhe8 $10 {Rechel,B-Skalik,P/Anapa/1991/0-1 
(49)}) 12... e5 13. Nf5 Bxf5 14. exf5 O-O-O 15. Bxf6 Bxf6 16. fxe5 dxe5 $10 {
Wittmann,W-Gruenfeld,Y/Munich zt/1987/0,5 (20)}) (11... b5 $2 12. e5 $1 dxe5
13. Nxe6 $1 $16) (11... Rg8 $2 12. e5 dxe5 13. Nxe6 $16) 12. f5 (12. Bh4 e5 13.
Nf5 g6 $2 (13... Bxf5 $10) 14. Nxe7 Bxh3 15. Bxf6 Be6 16. Ned5 Qa5 17. Bxh8 $16
{Marcantoni,H-Bartha,S/Paris-ch (7)/1991/1-0 (69)}) (12. Rhe1 Rg8 13. e5 dxe5
14. fxe5 hxg5 15. exf6 Bxf6 16. Nd5 Qd8 17. Bh7 $16 {Planinc-Najdorf,M/Wijk
aan Zee/1973/}) 12... Bd7 13. fxe6 Nxe6 (13... fxe6 $2 14. e5 $16) 14. Bxf6 Nf4
(14... Nxd4 15. Nd5 Qc5 16. Bxd4 Bg5+ 17. Kb1 Qxd4 18. Qg3 $16 (18. Bb5 axb5
19. Rxd4 $2 (19. Qxd7+ Kxd7 20. Rxd4 $14) 19... Bxh3 20. Nc7+ $2 (20. gxh3 $10)
20... Kd7 21. Nxa8 Bxg2 22. Rg1 Be3 $19)) 15. Qg3 Bxf6 (15... Nxd3+ $2 16. Rxd3
Bxf6 17. Nd5 $18) 16. Rhf1 Bxd4 17. Qxf4 Bxc3 (17... O-O 18. Nd5 $14) (17...
Be6 $2 18. Bb5+ $16) 18. Qxf7+ Kd8 19. bxc3 Qxc3 $10 20. Qb3 Qxb3 21. cxb3 Ke7
22. Kd2 Rhf8 1/2-1/2